Random jottings; (Record no. 62844)

MARC details
000 -LEADER
fixed length control field 00785cam a22002411 4500
001 - CONTROL NUMBER
control field sa 65002836
003 - CONTROL NUMBER IDENTIFIER
control field DLC
005 - DATE AND TIME OF LATEST TRANSACTION
control field 20260227112119.0
008 - FIXED-LENGTH DATA ELEMENTS--GENERAL INFORMATION
fixed length control field 890204s1963 ii ab b 000 0 eng
010 ## - LIBRARY OF CONGRESS CONTROL NUMBER
LC control number sa 65002836
025 ## - OVERSEAS ACQUISITION NUMBER
Overseas acquisition number PL480:P-E-527
035 ## - SYSTEM CONTROL NUMBER
System control number (OCoLC)19102787
040 ## - CATALOGING SOURCE
Original cataloging agency DLC
Transcribing agency WaU
Modifying agency DLC
042 ## - AUTHENTICATION CODE
Authentication code premarc
050 00 - LIBRARY OF CONGRESS CALL NUMBER
Classification number HC412
Item number .I2
100 1# - MAIN ENTRY--PERSONAL NAME
Personal name Ibrahim, Abdur Rashid,
Dates associated with a name 1918-
245 10 - TITLE STATEMENT
Title Random jottings;
Remainder of title speeches and articles written during the stay at Bangkok, August 1959 to July 1961,
Statement of responsibility, etc. by A. Rashid Ibrahim.
250 ## - EDITION STATEMENT
Edition statement [1st ed.]
260 ## - PUBLICATION, DISTRIBUTION, ETC.
Place of publication, distribution, etc. Karachi,
Name of publisher, distributor, etc. Maʼaref
Date of publication, distribution, etc. [1963]
300 ## - PHYSICAL DESCRIPTION
Extent vii, 186 p.
Other physical details illus., fold. map.
Dimensions 25 cm.
504 ## - BIBLIOGRAPHY, ETC. NOTE
Bibliography, etc. note Bibliographical footnotes.
610 20 - SUBJECT ADDED ENTRY--CORPORATE NAME
Corporate name or jurisdiction name as entry element United Nations.
Subordinate unit Economic Commission for Asia and the Far East.

No items available.

Powered by Koha